[Event "DVM U14 2016"]
[Site "Düsseldorf GER"]
[Date "2016.12.29"]
[Round "6"]
[White "Liedtke, Sebastian"]
[Black "Brockhoff, Moritz"]
[Result "0-1"]
[Termination "normal"]
[Board "6.3"]
[WhiteElo "1454"]
[BlackElo "1818"]
[WhiteTeam "SG Leipzig"]
[BlackTeam "SK Blauer Springer Paderborn"]
[PlyCount "50"]
[WhiteFideId "16217667"]
[BlackFideId "16214927"]
[EventCountry "GER"]
[EventRounds "7"]
[EventType "team-swiss"]
[EventDate "2016.12.26"]

1. e4 e6 2. d4 d5 3. e5 c5 4. c3 Qb6 5. Nf3 Nc6 6. a3 cxd4 7. cxd4 Bd7 8. b4
Rc8 9. Be3 Nh6 10. Nbd2 Bxb4 11. axb4 Nxb4 12. Rc1 Rxc1 13. Qxc1 O-O 14. Nb3
Rc8 15. Nc5 Qa5 16. Bd2 b6 17. Qb1 bxc5 18. dxc5 Rb8 19. Qc1 Ba4 20. Nd4 Ng4
21. f4 Ne3 22. c6 Nxf1 23. Kxf1 Qa6+ 24. Kg1 Nd3 25. Qc3 Rb1+ 0-1

[Event "DVM U14 2016"]
[Site "Düsseldorf GER"]
[Date "2016.12.29"]
[Round "6"]
[White "Janke, Julian"]
[Black "Wang, Ruiming"]
[Result "0-1"]
[Termination "normal"]
[Board "6.4"]
[WhiteElo "1343"]
[BlackElo "1568"]
[WhiteTeam "SK Blauer Springer Paderborn"]
[BlackTeam "SG Leipzig"]
[PlyCount "80"]
[WhiteFideId "16229185"]
[BlackFideId "16217659"]
[EventCountry "GER"]
[EventRounds "7"]
[EventType "team-swiss"]
[EventDate "2016.12.26"]

1. d4 Nf6 2. Bf4 g6 3. Nf3 Bg7 4. Qd2 O-O 5. Bh6 d6 6. Bxg7 Kxg7 7. e3 Nbd7 8.
Bd3 e5 9. dxe5 Nxe5 10. Nxe5 dxe5 11. O-O Be6 12. Nc3 e4 13. Nxe4 Nxe4 14. Qb4
Nd6 15. Rad1 Qf6 16. b3 Rfd8 17. Rfe1 b6 18. e4 c5 19. Qd2 Qe7 20. Qf4 c4 21.
Bf1 cxb3 22. cxb3 Nb7 23. Ra1 Nc5 24. Qf3 a5 25. e5 Bf5 26. Bc4 Rac8 27. Re3
Ne6 28. Qe2 Nd4 29. Qb2 Nc2 30. e6+ f6 31. Rae1 Nxe3 32. fxe3 b5 33. Bxb5 Rc2
34. Qa1 Rdd2 35. Bf1 Qb7 36. e4 Bxe4 37. b4 Rxg2+ 38. Bxg2 Rxg2+ 39. Kf1 Qb5+
40. Re2 Qxe2# 0-1

[Event "DVM U14 2016"]
[Site "Düsseldorf GER"]
[Date "2016.12.29"]
[Round "6"]
[White "Wolf, Philipp"]
[Black "von Estorff, Jacob"]
[Result "1-0"]
[Termination "normal"]
[Board "7.1"]
[WhiteElo "1713"]
[BlackElo "1885"]
[WhiteTeam "SG Blau-Weiß Stadtilm"]
[BlackTeam "Post SV Uelzen"]
[PlyCount "79"]
[WhiteFideId "12958948"]
[BlackFideId "12974501"]
[EventCountry "GER"]
[EventRounds "7"]
[EventType "team-swiss"]
[EventDate "2016.12.26"]

1. e4 c5 2. Nf3 Nc6 3. d4 cxd4 4. Nxd4 Nf6 5. Nc3 g6 6. Be3 Bg7 7. Be2 O-O 8.
O-O d6 9. a3 Bd7 10. f3 Qb6 11. Qd3 Ne5 12. Qd2 Qd8 13. Rac1 Rc8 14. b3 Re8 15.
Na2 d5 16. exd5 Nxd5 17. Bf2 Bc6 18. Rfd1 Qc7 19. c4 Nb6 20. Bg3 Rcd8 21. Qf4
Nbd7 22. b4 Ba4 23. Rd2 Qc8 24. Nc3 Nb6 25. Nxa4 Nxa4 26. c5 Nc6 27. Nxc6 Qxc6
28. Rxd8 Rxd8 29. b5 Qc8 30. Qxa4 Bd4+ 31. Bf2 e5 32. c6 b6 33. c7 Re8 34. Qxa7
Kf8 35. Qb8 Qxb8 36. cxb8=Q Rxb8 37. Bxd4 exd4 38. Rc7 Ra8 39. Rd7 Ra4 40. Bd1
1-0

[Event "DVM U14 2016"]
[Site "Düsseldorf GER"]
[Date "2016.12.29"]
[Round "6"]
[White "Rapp, Lukas"]
[Black "Knüdel, Torben"]
[Result "1-0"]
[Termination "normal"]
[Board "7.3"]
[WhiteElo "1630"]
[BlackElo "1773"]
[WhiteTeam "SG Blau-Weiß Stadtilm"]
[BlackTeam "Post SV Uelzen"]
[PlyCount "89"]
[WhiteFideId "12989320"]
[BlackFideId "16208820"]
[EventCountry "GER"]
[EventRounds "7"]
[EventType "team-swiss"]
[EventDate "2016.12.26"]

1. d4 Nf6 2. g3 d5 3. Bg2 e6 4. e3 c5 5. Ne2 Nc6 6. O-O b6 7. c4 Be7 8. Nbc3
O-O 9. Nf4 Bb7 10. cxd5 Nxd5 11. Ncxd5 exd5 12. dxc5 Bxc5 13. Nxd5 Ba6 14. Re1
Ne5 15. Qa4 Bc4 16. Rd1 b5 17. Qc2 Rc8 18. Qf5 Bd6 19. e4 Be2 20. Bg5 f6 21.
Nxf6+ gxf6 22. Qe6+ Nf7 23. Bxf6 Qb6 24. Bd4 Bc5 25. Qxb6 axb6 26. Bxc5 bxc5
27. Rd2 Bh5 28. Rd5 Bg6 29. f4 Rfd8 30. Rad1 Rxd5 31. Rxd5 Nd8 32. Bh3 Ra8 33.
e5 Nb7 34. Rd7 Be4 35. Be6+ Kf8 36. f5 Ra6 37. Bf7 Ra8 38. f6 Nd8 39. e6 Nxf7
40. Rxf7+ Kg8 41. Rg7+ Kh8 42. e7 Bg6 43. Rxg6 hxg6 44. f7 Kg7 45. e8=Q 1-0

[Event "DVM U14 2016"]
[Site "Düsseldorf GER"]
[Date "2016.12.29"]
[Round "6"]
[White "Rothenberg, Nina"]
[Black "Pflugradt, Natalie"]
[Result "1-0"]
[Termination "normal"]
[Board "7.4"]
[WhiteElo "1400"]
[BlackElo "1445"]
[WhiteTeam "Post SV Uelzen"]
[BlackTeam "SG Blau-Weiß Stadtilm"]
[PlyCount "69"]
[WhiteFideId "16208943"]
[BlackFideId "16212444"]
[EventCountry "GER"]
[EventRounds "7"]
[EventType "team-swiss"]
[EventDate "2016.12.26"]

1. e4 e5 2. Nf3 Nc6 3. d4 exd4 4. Nxd4 Bc5 5. Be3 Qf6 6. c3 Nge7 7. Bc4 b6 8.
O-O Bb7 9. Re1 O-O-O 10. b4 Bd6 11. a4 h5 12. a5 g5 13. axb6 axb6 14. Qa4 Rdg8
15. Ba6 Nb8 16. Bxb7+ Kxb7 17. Qa8+ Kc8 18. Na3 Nec6 19. Nab5 Be7 20. Nxc6 dxc6
21. Na7+ Kd7 22. Red1+ Bd6 23. Qb7 Qe6 24. Bxb6 Ke7 25. Bxc7 Bxc7 26. Qxc7+ Kf8
27. Qxb8+ Kg7 28. Qg3 Kh7 29. Qf3 Kh6 30. h3 Rg6 31. b5 cxb5 32. Nxb5 Kg7 33.
Nd4 Qe5 34. Nf5+ Kh7 35. Qxh5+ 1-0

[Event "DVM U14 2016"]
[Site "Düsseldorf GER"]
[Date "2016.12.29"]
[Round "6"]
[White "Righi, Sofian"]
[Black "Staufenberger, Philipp"]
[Result "0-1"]
[Termination "normal"]
[Board "8.1"]
[WhiteElo "1760"]
[BlackElo "1793"]
[WhiteTeam "Düsseldorfer SK"]
[BlackTeam "SG Königskinder Hohentübingen"]
[PlyCount "102"]
[WhiteFideId "12987581"]
[BlackFideId "12970883"]
[EventCountry "GER"]
[EventRounds "7"]
[EventType "team-swiss"]
[EventDate "2016.12.26"]

1. d4 e6 2. c4 b6 3. Nc3 Bb7 4. Bf4 f5 5. e3 Nf6 6. f3 Bb4 7. Bd3 Bxc3+ 8. bxc3
O-O 9. Ne2 Nc6 10. O-O Na5 11. Ng3 Rc8 12. Qe2 c5 13. Bd6 Rf7 14. e4 Ne8 15.
Bf4 g5 16. Bd2 f4 17. Nh1 e5 18. dxe5 Qe7 19. Nf2 h5 20. Bc2 Qxe5 21. Rfd1 Nd6
22. Bb3 Rcf8 23. h3 Rg7 24. Be1 Qe6 25. Qd3 Ndxc4 26. e5 Nxb3 27. axb3 Nb2 28.
Qd6 Nxd1 29. Qxd1 a6 30. Qd3 Qxe5 31. Rd1 d5 32. Bd2 Qf5 33. Qe2 Qf6 34. Re1
Kh8 35. c4 d4 36. b4 g4 37. hxg4 hxg4 38. Nxg4 Rxg4 39. fxg4 f3 40. gxf3 Bxf3
41. Qh2+ Kg8 42. Re5 Be4 43. Rg5+ Bg6 44. Qg2 cxb4 45. Rd5 b3 46. Bc1 Qe7 47.
Qd2 Qc7 48. Rg5 Qg3+ 49. Qg2 Qe1+ 50. Kh2 Kg7 51. Bb2 Qh4+ 0-1

[Event "DVM U14 2016"]
[Site "Düsseldorf GER"]
[Date "2016.12.29"]
[Round "6"]
[White "Hofele, Mathis"]
[Black "Kostenko, Peter Alexander"]
[Result "1-0"]
[Termination "normal"]
[Board "8.2"]
[WhiteElo "1687"]
[BlackElo "1220"]
[WhiteTeam "SG Königskinder Hohentübingen"]
[BlackTeam "Düsseldorfer SK"]
[PlyCount "67"]
[WhiteFideId "12963844"]
[BlackFideId "16235177"]
[EventCountry "GER"]
[EventRounds "7"]
[EventType "team-swiss"]
[EventDate "2016.12.26"]

1. e4 e5 2. Nf3 Nf6 3. Nxe5 d6 4. Nf3 Nxe4 5. Nc3 Nxc3 6. dxc3 Bg4 7. Be3 Be7
8. Bd3 Nd7 9. Qd2 Nf6 10. O-O-O O-O 11. Rdg1 c5 12. h3 Be6 13. c4 d5 14. Qe2
Qa5 15. Kb1 b5 16. cxd5 Bxd5 17. c4 Be6 18. Ng5 bxc4 19. Bxc4 Bf5+ 20. Ka1 h6
21. Nf3 Ne4 22. g4 Bh7 23. Nd2 Bf6 24. Nxe4 Bxe4 25. f3 Rab8 26. Bc1 Bh7 27.
Bd3 Bxd3 28. Qxd3 Rfd8 29. Qe4 Rd4 30. Qe1 Qa6 31. Qf1 Qa3 32. Rg2 Qxa2+ 33.
Kxa2 Ra4+ 34. Kb1 1-0

[Event "DVM U14 2016"]
[Site "Düsseldorf GER"]
[Date "2016.12.29"]
[Round "6"]
[White "Wiedenbruch, Paul"]
[Black "Hurm, Moritz"]
[Result "0-1"]
[Termination "normal"]
[Board "8.3"]
[WhiteElo "1407"]
[BlackElo "1492"]
[WhiteTeam "Düsseldorfer SK"]
[BlackTeam "SG Königskinder Hohentübingen"]
[PlyCount "52"]
[WhiteFideId "16207343"]
[BlackFideId "16235150"]
[EventCountry "GER"]
[EventRounds "7"]
[EventType "team-swiss"]
[EventDate "2016.12.26"]

1. e4 c5 2. Nf3 a6 3. d4 cxd4 4. Nxd4 Nf6 5. Nc3 e5 6. Nf3 Bb4 7. Bd2 d6 8. Bd3
O-O 9. O-O Bxc3 10. Bxc3 Qc7 11. Qe2 b6 12. Rad1 Bb7 13. Bb4 Rd8 14. Rfe1 Nbd7
15. Bc4 Nc5 16. Bxc5 Qxc5 17. Bb3 Nxe4 18. Qd3 Nxf2 19. Qf1 Nxd1+ 20. Kh1 Nf2+
21. Kg1 Nd3+ 22. Kh1 Nxe1 23. Bxf7+ Kh8 24. Nxe1 Rf8 25. Nd3 Qd5 26. Bxd5 Rxf1#
0-1

[Event "DVM U14 2016"]
[Site "Düsseldorf GER"]
[Date "2016.12.29"]
[Round "6"]
[White "Kanzow, Alexander"]
[Black "Triantafillidis, Simeon"]
[Result "1/2-1/2"]
[Termination "normal"]
[Board "9.1"]
[WhiteElo "1556"]
[BlackElo "1656"]
[WhiteTeam "KSV Rochade Göttingen"]
[BlackTeam "SF HN-Biberach"]
[PlyCount "72"]
[WhiteFideId "16225414"]
[BlackFideId "12953113"]
[EventCountry "GER"]
[EventRounds "7"]
[EventType "team-swiss"]
[EventDate "2016.12.26"]

1. e4 e5 2. Nf3 Nc6 3. Bb5 a6 4. Ba4 b5 5. Bb3 Nf6 6. d4 d6 7. dxe5 dxe5 8.
Qxd8+ Nxd8 9. Nxe5 Bd6 10. Nf3 Nxe4 11. Bd5 Bb7 12. Bxb7 Nxb7 13. Be3 O-O 14.
Nbd2 Nxd2 15. Nxd2 Nc5 16. O-O-O a5 17. Bxc5 Bxc5 18. Ne4 Bb6 19. Rd2 b4 20.
Rhd1 a4 21. Kb1 Rfe8 22. f3 h6 23. Nf2 Bxf2 24. Rxf2 c5 25. b3 axb3 26. cxb3
Ra5 27. Rd5 Kf8 28. Rc2 Rc8 29. Re5 g6 30. g4 f6 31. Rd5 Kf7 32. Re2 Rc7 33. f4
Re7 34. Rxe7+ Kxe7 35. f5 g5 36. h3 Rb5 1/2-1/2

[Event "DVM U14 2016"]
[Site "Düsseldorf GER"]
[Date "2016.12.29"]
[Round "6"]
[White "Geltz, Noah"]
[Black "Uhlendorff, Luca"]
[Result "1/2-1/2"]
[Termination "normal"]
[Board "9.2"]
[WhiteElo "1830"]
[BlackElo "1587"]
[WhiteTeam "SF HN-Biberach"]
[BlackTeam "KSV Rochade Göttingen"]
[PlyCount "73"]
[WhiteFideId "16224256"]
[BlackFideId "16221923"]
[EventCountry "GER"]
[EventRounds "7"]
[EventType "team-swiss"]
[EventDate "2016.12.26"]

1. d4 d5 2. Nf3 Nf6 3. Bf4 Bf5 4. e3 e6 5. Bd3 Bg6 6. O-O Be7 7. c4 O-O 8. Nc3
c6 9. cxd5 exd5 10. Bxg6 hxg6 11. Qb3 Qb6 12. Qxb6 axb6 13. Bc7 Nbd7 14. a4 Ne8
15. Bg3 Ndf6 16. Ra2 Nh5 17. Rfa1 Nxg3 18. hxg3 Bb4 19. Ne5 Nf6 20. Nd3 Bxc3
21. bxc3 Ne4 22. Ra3 f6 23. R1a2 Ra7 24. g4 Rfa8 25. f3 Nd6 26. Nb2 Ra5 27. Rb3
b5 28. Kf2 bxa4 29. Rb4 b5 30. Nd3 Kf7 31. Kg3 g5 32. Nc5 R5a7 33. e4 dxe4 34.
fxe4 Ke7 35. Kf3 Nb7 36. Nd3 Nd8 37. Ke3 1/2-1/2

[Event "DVM U14 2016"]
[Site "Düsseldorf GER"]
[Date "2016.12.29"]
[Round "6"]
[White "Gerold, Robin"]
[Black "Mindermann, Arved"]
[Result "1-0"]
[Termination "normal"]
[Board "9.4"]
[WhiteElo "1385"]
[BlackElo "1542"]
[WhiteTeam "SF HN-Biberach"]
[BlackTeam "KSV Rochade Göttingen"]
[PlyCount "63"]
[WhiteFideId "16235185"]
[BlackFideId "16221893"]
[EventCountry "GER"]
[EventRounds "7"]
[EventType "team-swiss"]
[EventDate "2016.12.26"]

1. e4 e5 2. Nf3 d6 3. Bc4 Be7 4. Nc3 Nf6 5. d3 Nc6 6. Be3 O-O 7. O-O Be6 8. Bb3
h6 9. Qe2 Qd7 10. Nd5 Rad8 11. Rad1 Rfe8 12. c4 Bg4 13. Rfe1 Nd4 14. Bxd4 exd4
15. Nxe7+ Rxe7 16. Rc1 c5 17. Bd1 Rde8 18. Qd2 b6 19. b3 Qe6 20. Nh4 Bxd1 21.
Rcxd1 d5 22. Nf5 dxe4 23. Nxe7+ Qxe7 24. Qe2 Qb7 25. Qc2 Kf8 26. dxe4 Rxe4 27.
f3 Re7 28. Re2 Qd7 29. Qd3 Nh5 30. Qd2 Qe8 31. Rde1 Nf6 32. Rxe7 1-0

[Event "DVM U14 2016"]
[Site "Düsseldorf GER"]
[Date "2016.12.29"]
[Round "6"]
[White "Simukov, Erik"]
[Black "Meier, Julian"]
[Result "1/2-1/2"]
[Termination "normal"]
[Board "10.1"]
[WhiteElo "1769"]
[BlackElo "1267"]
[WhiteTeam "SVG CAISSA Kassel"]
[BlackTeam "Gütersloher SV"]
[PlyCount "32"]
[WhiteFideId "12995380"]
[BlackFideId "16235207"]
[EventCountry "GER"]
[EventRounds "7"]
[EventType "team-swiss"]
[EventDate "2016.12.26"]

1. e4 e5 2. Nf3 Nc6 3. Bb5 Nf6 4. O-O Bc5 5. Nxe5 Nxe4 6. Qe2 Qh4 7. g3 Nxg3 8.
Qe1 O-O 9. Nf3 Qg4 10. hxg3 Qxg3+ 11. Kh1 Qxf3+ 12. Kg1 Qg3+ 13. Kh1 Qh3+ 14.
Kg1 Qg3+ 15. Kh1 Qh3+ 16. Kg1 Qg3+ 1/2-1/2

[Event "DVM U14 2016"]
[Site "Düsseldorf GER"]
[Date "2016.12.29"]
[Round "6"]
[White "Kühn von Burgsdorff, Johannes"]
[Black "Wöllenstein, Sebastian"]
[Result "0-1"]
[Termination "normal"]
[Board "10.2"]
[WhiteElo "1211"]
[BlackElo "1752"]
[WhiteTeam "Gütersloher SV"]
[BlackTeam "SVG CAISSA Kassel"]
[PlyCount "64"]
[WhiteFideId "16234960"]
[BlackFideId "12974706"]
[EventCountry "GER"]
[EventRounds "7"]
[EventType "team-swiss"]
[EventDate "2016.12.26"]

1. c4 c5 2. Nf3 g6 3. Nc3 Nc6 4. g3 Bg7 5. Bg2 Nf6 6. O-O a6 7. d3 Rb8 8. Bf4
d6 9. a3 Qd7 10. Qd2 O-O 11. Bh6 b5 12. cxb5 axb5 13. Rab1 b4 14. Ne4 Nxe4 15.
dxe4 Na5 16. Bxg7 Kxg7 17. axb4 Rxb4 18. Ne1 Nc6 19. Qc3+ Kg8 20. Nc2 Rb6 21.
f4 Qe6 22. Ne3 Nd4 23. Rfe1 Rb3 24. Qc4 Rxe3 25. Qxe6 Bxe6 26. Kf2 Rb3 27. e3
Nc6 28. e5 Nb4 29. exd6 Nd3+ 30. Ke2 Nxe1 31. Kxe1 exd6 32. Ke2 Rfb8 0-1

[Event "DVM U14 2016"]
[Site "Düsseldorf GER"]
[Date "2016.12.29"]
[Round "6"]
[White "Fromm, Nick"]
[Black "Qiu, Leo"]
[Result "0-1"]
[Termination "normal"]
[Board "10.3"]
[WhiteElo "1527"]
[BlackElo "1328"]
[WhiteTeam "SVG CAISSA Kassel"]
[BlackTeam "Gütersloher SV"]
[PlyCount "71"]
[WhiteFideId "12958026"]
[BlackFideId "16235215"]
[EventCountry "GER"]
[EventRounds "7"]
[EventType "team-swiss"]
[EventDate "2016.12.26"]

1. e4 e5 2. Nf3 Nc6 3. Bb5 Bc5 4. O-O Nge7 5. c3 a6 6. Ba4 b5 7. Bc2 d5 8. exd5
Qxd5 9. Re1 f6 10. h3 Bf5 11. Bb3 Qd3 12. Qe2 Qxe2 13. Rxe2 Bd3 14. Re1 O-O-O
15. Na3 Ng6 16. Bc2 Nf4 17. Bxd3 Nxd3 18. Rf1 g5 19. b4 Bb6 20. Ne1 h5 21. Nxd3
Rxd3 22. Nc2 g4 23. Ne1 Rd7 24. h4 f5 25. g3 Rf8 26. Kh1 f4 27. gxf4 Rxf4 28.
d4 Rf5 29. dxe5 Rxf2 30. Rxf2 Bxf2 31. Bf4 Bxh4 32. Ng2 Bf2 33. Kh2 Rd3 34. Ne1
Rxc3 35. Rd1 h4 36. Rd3 0-1

[Event "DVM U14 2016"]
[Site "Düsseldorf GER"]
[Date "2016.12.29"]
[Round "6"]
[White "Jürging, Felix"]
[Black "Krömer, Alexander"]
[Result "0-1"]
[Termination "normal"]
[Board "10.4"]
[WhiteElo "1115"]
[BlackElo "1564"]
[WhiteTeam "Gütersloher SV"]
[BlackTeam "SVG CAISSA Kassel"]
[PlyCount "76"]
[WhiteFideId "16235134"]
[BlackFideId "12974676"]
[EventCountry "GER"]
[EventRounds "7"]
[EventType "team-swiss"]
[EventDate "2016.12.26"]

1. e4 e5 2. Nf3 Nc6 3. Bc4 Bc5 4. d3 Nf6 5. Be3 Bb6 6. Nc3 d6 7. Qd2 O-O 8.
O-O-O Na5 9. Bd5 c6 10. Bc4 Bc7 11. a3 d5 12. Ba2 d4 13. Ne2 dxe3 14. fxe3 c5
15. Ng3 Qe7 16. Rhe1 Bg4 17. h3 Bxf3 18. gxf3 b5 19. Qg2 g6 20. Rf1 b4 21. a4
b3 22. cxb3 Rab8 23. Kc2 Rb4 24. f4 Rfb8 25. f5 Nxb3 26. Rb1 c4 27. dxc4 Rxc4+
28. Kd1 Qd6+ 29. Ke1 Ba5+ 30. Kf2 Rc2+ 31. Ne2 Qd3 32. Rfe1 Nxe4+ 33. Kf1 Ned2+
34. Kg1 Qxe3+ 35. Kh1 Nxb1 36. Bxb3 Rxb3 37. fxg6 hxg6 38. Qa8+ Kg7 0-1